000 00644cam a22002293a 4500
001 7827
003 PGUSA
005 20140828083149.0
008 050401s2005||||xxu|||||s|||||000 1 eng d
040 _aPGUSA
_beng
042 _adc
050 4 _aPR
100 1 _aHudson, W. H.
_q(William Henry),
_d1841-1922
245 1 0 _aFan :
_bThe Story of a Young Girl's Life
_h[electronic resource] /
_cW. H. Hudson
260 _bProject Gutenberg,
_c2005
506 _aPublic domain in the USA.
516 _aElectronic text
653 _aFiction
830 0 _aProject Gutenberg
_v7827
856 4 0 _uhttp://www.gutenberg.org/ebooks/7827
942 _cEB
999 _c237127
_d237127